00699nam a2200169 i 450000100060000000300090000600500170001500700030003200800410003524501890007626000560026530000200032170000310034185200200037299900170039295201200040957211ES-MaACL20230906163532.0t|031015s1913 fr ||||1| eng d04aThe divans of the six ancient arabic poets Ennabiga, Antara, Tharafa, Zuhair, Alqama and Imruulgais chiefly according to the M.S.S. of Paris Gotha and Leyden / cedited by W. Ahlwardt. a[S.l. : bs.n., c1913] (eParis : fPaul Geuthier) a1 v. ; c24 cm.1 aAhlwardt, Wilhelm.9141881 aES-MaACLjF-798 c57211d57211 00104070aATENEOMbATENEOMcDEPO2d2008-01-17eSCl0oF-798p1060069r2023-02-23 00:00:00w2023-02-23yMONOGRAFIA